Nghiên cứu phụ nữ : Giới và gia đình /
Wedi'i Gadw mewn:
| Prif Awdur: | |
|---|---|
| Fformat: | Sách giấy |
| Iaith: | Vietnamese |
| Cyhoeddwyd: |
H. :
Khoa học Xã hội,
2003
|
| Pynciau: | |
| Tagiau: |
Ychwanegu Tag
Dim Tagiau, Byddwch y cyntaf i dagio'r cofnod hwn!
|
| Thư viện lưu trữ: | Thư viện Trường Đại học Đà Lạt |
|---|
| LEADER | 00756nam a2200313 4500 | ||
|---|---|---|---|
| 001 | DLU050050142 | ||
| 005 | ##20051226 | ||
| 040 | # | # | |a DLU |b vie |
| 041 | # | # | |a vie |
| 044 | # | # | |a vn |
| 082 | # | # | |a 305.42 |b NG-K |
| 100 | # | # | |a Nguyễn Linh Khiếu |
| 245 | # | # | |a Nghiên cứu phụ nữ : |b Giới và gia đình / |c Nguyễn Linh Khiếu |
| 260 | # | # | |a H. : |b Khoa học Xã hội, |c 2003 |
| 300 | # | # | |a 488 tr. ; |c 21 cm |
| 653 | # | # | |a Bài báo |
| 653 | # | # | |a Bình đẳng giới |
| 653 | # | # | |a Gia đình |
| 653 | # | # | |a Phụ nữ |
| 923 | # | # | |a 58/2005 |
| 992 | # | # | |a 62.000 |
| 994 | # | # | |a DLU |
| 900 | # | # | |a True |
| 911 | # | # | |a Đào Thị Thu Huyền |
| 925 | # | # | |a G |
| 926 | # | # | |a A |
| 927 | # | # | |a SH |
| 980 | # | # | |a Thư viện Trường Đại học Đà Lạt |